Encyclopédie tchecoslovaque / (Record no. 59544)

MARC details
000 -LEADER
campo de control de longitud fija 00873nam a2200229 i 4500
001 - NÚMERO DE CONTROL
campo de control 59544
003 - IDENTIFICADOR DE NÚMERO DE CONTROL
campo de control ES-MaACL
005 - FECHA Y HORA DE LA ÚLTIMA TRANSACCIÓN
campo de control 20230906164043.0
007 - CAMPO FIJO DE DESCRIPCIÓN FÍSICA--INFORMACIÓN GENERAL
campo de control de longitud fija t|
008 - DATOS DE LONGITUD FIJA--INFORMACIÓN GENERAL
campo de control de longitud fija 031029s1923 fr ||||1| fre d
245 00 - MENCIÓN DEL TÍTULO
Título Encyclopédie tchecoslovaque /
Mención de responsabilidad, etc. collection publiée sous la direction de O. Butter et B. Ruml.
260 ## - PUBLICACIÓN, DISTRIBUCIÓN, ETC.
Lugar de publicación, distribución, etc. Paris :
Nombre del editor, distribuidor, etc. [s.n.,
Fecha de publicación, distribución, etc. 1923] (
Lugar de fabricación/manufactura Prague :
Fabricante Imp. Politika)
300 ## - DESCRIPCIÓN FÍSICA
Extensión 3 v. ;
Dimensiones 24 cm.
505 8# - NOTA DE CONTENIDO CON FORMATO
Nota de contenido con formato Contiene: T. I.: Industrie et commerce / redigé par Jaroslav Vesely. -- T. II.: Communications / redigé par Jan Smetana. -- T. IV.: Forets / redigé par Vladislav Brdlik
651 #4 - PUNTO DE ACCESO ADICIONAL DE MATERIA--NOMBRE GEOGRÁFICO
Nombre geográfico Checoslovaquia-
Subdivisión general Descripción.
9 (RLIN) 161809
700 1# - ENTRADA AGREGADA--NOMBRE PERSONAL
Nombre de persona Vesely, Jaroslav.
9 (RLIN) 114221
700 1# - ENTRADA AGREGADA--NOMBRE PERSONAL
Nombre de persona Smetana, Jan.
9 (RLIN) 106826
700 1# - ENTRADA AGREGADA--NOMBRE PERSONAL
Nombre de persona Brdlik, Vladislav.
9 (RLIN) 31532
700 1# - ENTRADA AGREGADA--NOMBRE PERSONAL
Nombre de persona Butter, O.
9 (RLIN) 32963
700 1# - ENTRADA AGREGADA--NOMBRE PERSONAL
Nombre de persona Ruml, B.
9 (RLIN) 100993
852 ## - LOCALIZACIÓN
Ubicación ES-MaACL
Número de control de estantería C-7368-70
Holdings
Estatus retirado Estado de pérdida Estado de daño No para préstamo Biblioteca de origen Biblioteca actual Ubicación en estantería Fecha de adquisición Fuente de adquisición Total de préstamos Signatura topográfica completa Código de barras Visto por última vez Precio de reemplazo Tipo de ítem Koha
        Biblioteca del Ateneo de Madrid Biblioteca del Ateneo de Madrid Sala Palomar 17/01/2008     C-7368-70 1062454 23/02/2023 23/02/2023 Libro impreso